| 000 | 01223nam a22003497a 4500 | ||
|---|---|---|---|
| 003 | CHAP | ||
| 005 | 20220817040951.0 | ||
| 008 | 971013s1989 r 10010 d | ||
| 010 | _a3617 | ||
| 011 | _a4589 | ||
| 035 | _a3793 | ||
| 040 | _cCHAP | ||
| 082 |
_a633.1 _bM48 1989 |
||
| 111 | 0 | 0 |
_aMesa Redonda Latinoamericana sobre Prevención de Pérdidas Postcosecha de Granos ( _n4 _d: 1989 _c: México, D. F.) |
| 245 | _aMemoria | ||
| 260 |
_aMéxico, D. F. : _bCONASUPO, _c[1989] |
||
| 300 |
_a387 p. _b; ilus |
||
| 500 | _aD50-190 | ||
| 590 |
_aBATCH-UPD _b10 _c20130110 _lUCH01 _h1200 |
||
| 590 |
_aBATCH-UPD _b10 _c20130410 _lUCH01 _h0743 |
||
| 590 |
_aBATCH-UPD _b10 _c20130914 _lUCH01 _h0912 |
||
| 590 |
_aCONVERSION _b10 _c20130109 _lUCH01 _h1303 |
||
| 650 | 1 | 4 |
_aCereales _xAlmacenamiento. _921373 |
| 650 | 1 | 4 |
_aCosechas _xPérdidas de. _928443 |
| 650 | 1 | 4 |
_aMaíz _xAlmacenamiento. _970853 |
| 650 | 1 | 4 |
_aMaíz _xAmérica Latina. _970859 |
| 901 | _aBK | ||
| 942 | _cLIBRO | ||
| 949 |
_a633.1 M48 1989 _bBC _cCONG _d33724000190237 _eCONG _fc.2 _h80032 _i3793 _si |
||
| 949 |
_a633.1 M48 1989 _bBC _cLIBRO _d33724000190229 _eLIBRO _h80031 _i3793 _si |
||
| 949 |
_a633.1 M48 1989 _bBC _cLIBRO _d33724000679510 _eLIBRO _fc.3 _h80033 _i3793 _si |
||
| 999 |
_c3617 _d3617 |
||